| 000 | 00966nam a2200289 i 4500 | ||
|---|---|---|---|
| 001 | bg | ||
| 003 | BPK | ||
| 005 | 20250618064343.0 | ||
| 008 | 040414s2004 pl f |000 0 pol | ||
| 015 | _aPB 2004/7754 | ||
| 020 | _a8373343083 | ||
| 040 |
_aWA N _cBPK |
||
| 041 | 0 | _apol | |
| 080 | _a347.736./739(438) | ||
| 080 | _a(094.4.07) | ||
| 100 | 1 |
_aŚwieboda, Zdzisław _d(1931-2005). |
|
| 245 | 1 | 0 |
_aPrawo upadłościowe i naprawcze : _bkomentarz / _cZdzisław Świeboda. |
| 250 | _aWyd. 2 zm., stan prawny na 1 marca 2004 roku. | ||
| 260 |
_aWarszawa : _bWydaw. Prawnicze "LexisNexis", _c2004. |
||
| 300 |
_a583, [1] s. ; _c25 cm. |
||
| 500 | _aIndeks. | ||
| 650 | 4 | _aPostępowanie naprawcze | |
| 650 | 4 |
_aUpadłość _xprawo _zPolska. |
|
| 710 | 2 |
_aWydawnictwo Prawnicze LexisNexis _4pbl. |
|
| 856 |
_uhttp://koha.tu.koszalin.pl/cgi-bin/koha/opac-detail.pl?biblionumber=44148 _yKatalog online BPK |
||
| 942 |
_2UKD _cKS |
||
| 999 |
_c44148 _d44148 |
||